000 00421nam a22001337a 4500
082 _a620.196
_bASP
_cD
100 _aThe asphalt institute
_920237
245 _aSpecification for asphalt cements and liquid asphalts
_cThe asphalt institute
260 _aMaryland
_bTh asphalt institute
_c1972
300 _a45 p,:
526 _a0
_b0
_c0
_d620_196000000000000_ASP
700 _aThe asphalt institute
_920237
942 _2ddc
_cBK
999 _c545129
_d545129